[Event "GER-ch U18 Girls"]
[Site "Willingen"]
[Date "2008.05.14"]
[Round "6"]
[White "Zemella, Jennifer"]
[Black "Erben, Larissa"]
[Result "1/2-1/2"]
[WhiteElo "2000"]
[BlackElo "1942"]
[PlyCount "45"]
[EventDate "2008.05.11"]
[EventType "swiss"]
[EventRounds "9"]
[EventCountry "GER"]
[SourceTitle "CBM 124 Extra"]
[Source "ChessBase"]
[SourceDate "2008.07.03"]
[SourceVersion "1"]
[SourceVersionDate "2008.07.03"]
[SourceQuality "1"]

1. e4 c5 2. c3 Nf6 3. e5 Nd5 4. d4 cxd4 5. cxd4 e6 6. Nf3 d6 7. Bc4 Nb6 8. Bb3 dxe5 9. dxe5 Qxd1+ 10. Bxd1 Nc6 11. 0-0 Be7 12. Nc3 Nb4 13. Be2 Bd7 14. Rd1 0-0 15. Bg5 Bxg5 16. Nxg5 a6 17. Rac1 Bc6 18. Bf3 Rfd8 19. Bxc6 Nxc6 20. f4 Nc4 21. b3 Ne3 22. Rxd8+ Rxd8 23. Nge4 1/2-1/2

[Event "Ruhrgebiet VK1 0708"]
[Site "Germany"]
[Date "2007.10.21"]
[Round "2.7"]
[White "Wachovius, Hans Werner"]
[Black "Zemella, Jennifer"]
[Result "0-1"]
[WhiteElo "2008"]
[BlackElo "2007"]
[PlyCount "58"]
[EventDate "2007.09.16"]
[EventType "team"]
[EventRounds "9"]
[EventCountry "GER"]
[SourceTitle "EXT 2009"]
[Source "ChessBase"]
[SourceDate "2008.11.26"]
[SourceVersion "1"]
[SourceVersionDate "2008.11.26"]
[SourceQuality "1"]
[WhiteTeam "Ickern"]
[BlackTeam "Brackel III"]
[WhiteTeamCountry "GER"]
[BlackTeamCountry "GER"]

1. d4 Nf6 2. Nf3 c5 3. e3 e6 4. c3 Be7 5. Bd3 0-0 6. 0-0 d5 7. Nbd2 Nc6 8. dxc5 Bxc5 9. e4 Bd6 10. Re1 Qc7 11. Qe2 e5 12. exd5 Nxd5 13. Ne4 Be7 14. Neg5 h6 15. Nh7 Re8 16. Nxe5 Bd6 17. f4 Nxe5 18. fxe5 Rxe5 19. Qf1 Rxe1 20. Qxe1 Bxh2+ 21. Kh1 Bd7 22. Bd2 Re8 23. Qf1 Bg3 24. c4 Nf4 25. Qf3 Nxd3 26. Qxd3 Bc6 27. Rf1 Rd8 28. Qc2 Qe5 29. Bxh6 Qh5+ 0-1

[Event "Dortmund op-B"]
[Site "Dortmund"]
[Date "2007.06.29"]
[Round "7"]
[White "Strathoff, Jens"]
[Black "Zemella, Jennifer"]
[Result "1/2-1/2"]
[WhiteElo "1885"]
[BlackElo "1818"]
[PlyCount "73"]
[EventDate "2007.06.22"]
[EventType "swiss"]
[EventRounds "9"]
[EventCountry "GER"]
[SourceTitle "EXT 2008"]
[Source "ChessBase"]
[SourceDate "2007.11.25"]
[SourceVersion "1"]
[SourceVersionDate "2007.11.25"]
[SourceQuality "1"]

1. e4 e5 2. Nf3 d6 3. d4 exd4 4. Nxd4 Nf6 5. Nc3 Be7 6. Be2 0-0 7. 0-0 Re8 8. f3 c5 9. Nb3 Nc6 10. Nd5 Nxd5 11. exd5 Ne5 12. f4 Ng6 13. Bd3 Bd7 14. c4 a6 15. Nd2 b5 16. b3 Bf6 17. Rb1 Rb8 18. Nf3 bxc4 19. bxc4 Rxb1 20. Bxb1 Ne7 21. Ng5 Bf5 22. Bxf5 Nxf5 23. Qd3 Bxg5 24. fxg5 Nd4 25. Be3 Qe7 26. Bxd4 cxd4 27. Qxd4 Qxg5 28. h4 Qg3 29. Qf4 Qxf4 30. Rxf4 g6 31. Kf2 Kg7 32. g3 Rb8 33. Ke3 Rb2 34. a4 Rb3+ 35. Kd4 a5 36. Re4 Kf8 37. Re3 1/2-1/2

[Event "GER-ch U18 Girls"]
[Site "Willingen"]
[Date "2007.05.31"]
[Round "8"]
[White "Zemella, Jennifer"]
[Black "Fuchs, Judith"]
[Result "1/2-1/2"]
[WhiteElo "1962"]
[BlackElo "2136"]
[PlyCount "50"]
[EventDate "2007.05.26"]
[EventType "swiss"]
[EventRounds "9"]
[EventCountry "GER"]
[SourceTitle "CBM 118 Extra"]
[Source "ChessBase"]
[SourceDate "2007.07.04"]
[SourceVersion "1"]
[SourceVersionDate "2007.07.04"]
[SourceQuality "1"]

1. e4 c6 2. d4 d5 3. Nc3 dxe4 4. Nxe4 Bf5 5. Ng3 Bg6 6. f4 e6 7. Nf3 Nd7 8. Bd3 Ngf6 9. 0-0 Bxd3 10. Qxd3 Bd6 11. Ne5 0-0 12. Nxd7 Qxd7 13. Ne4 Nxe4 14. Qxe4 f5 15. Qd3 Be7 16. Be3 Bf6 17. Rad1 Rfd8 18. Qe2 g6 19. c3 Kf7 20. Rde1 Re8 21. Rf3 Rad8 22. Rh3 Kg8 23. Bf2 Rc8 24. Bh4 Bh8 25. Re3 Kf7 1/2-1/2

[Event "GER-ch U18 Girls"]
[Site "Willingen"]
[Date "2007.05.28"]
[Round "4"]
[White "Zemella, Jennifer"]
[Black "Zikeli, Saskia"]
[Result "1/2-1/2"]
[WhiteElo "1962"]
[BlackElo "2044"]
[PlyCount "47"]
[EventDate "2007.05.26"]
[EventType "swiss"]
[EventRounds "9"]
[EventCountry "GER"]
[SourceTitle "CBM 118 Extra"]
[Source "ChessBase"]
[SourceDate "2007.07.04"]
[SourceVersion "1"]
[SourceVersionDate "2007.07.04"]
[SourceQuality "1"]

1. e4 c5 2. c3 Nf6 3. e5 Nd5 4. d4 cxd4 5. Nf3 e6 6. cxd4 b6 7. Bc4 Bb4+ 8. Bd2 Bxd2+ 9. Nbxd2 Ba6 10. Bxa6 Nxa6 11. Ne4 0-0 12. 0-0 Nac7 13. Nfd2 Qh4 14. Rc1 f5 15. exf6 gxf6 16. Qf3 Kh8 17. g3 Qh6 18. Rfd1 Ne8 19. Nf1 Rd8 20. Nc3 Nec7 21. Nxd5 Nxd5 22. Ne3 Nxe3 23. fxe3 Rc8 24. Qf4 1/2-1/2

[Event "GER-chT U20 Girls"]
[Site "Torgelow"]
[Date "2006.12.30"]
[Round "7.1"]
[White "Zemella, Jennifer"]
[Black "Dietzen, Corinna"]
[Result "1/2-1/2"]
[WhiteElo "1928"]
[BlackElo "1980"]
[PlyCount "38"]
[EventDate "2006.12.27"]
[EventType "team-swiss"]
[EventRounds "7"]
[EventCountry "GER"]
[SourceTitle "EXT 2008"]
[Source "ChessBase"]
[SourceDate "2007.11.25"]
[SourceVersion "1"]
[SourceVersionDate "2007.11.25"]
[SourceQuality "1"]
[WhiteTeam "Brackel SF U20 Girls"]
[BlackTeam "Wadgassen/Differten U20 Girls"]
[WhiteTeamCountry "GER"]
[BlackTeamCountry "GER"]

1. e4 e5 2. Nf3 Nf6 3. d3 d6 4. Be2 g6 5. 0-0 Bg7 6. c3 0-0 7. Nbd2 Nh5 8. Re1 Nf4 9. Nf1 Nxe2+ 10. Qxe2 Nc6 11. Ng3 h6 12. Be3 Be6 13. d4 Bg4 14. Rad1 f5 15. exf5 gxf5 16. dxe5 Nxe5 17. Bf4 Nxf3+ 18. gxf3 Bh3 19. Qe6+ Kh7 1/2-1/2

[Event "GER-chT U20 Girls"]
[Site "Torgelow"]
[Date "2006.12.27"]
[Round "2.1"]
[White "Zemella, Jennifer"]
[Black "Stroehle, Kathrin"]
[Result "1/2-1/2"]
[WhiteElo "1928"]
[BlackElo "1808"]
[PlyCount "145"]
[EventDate "2006.12.27"]
[EventType "team-swiss"]
[EventRounds "7"]
[EventCountry "GER"]
[SourceTitle "EXT 2008"]
[Source "ChessBase"]
[SourceDate "2007.11.25"]
[SourceVersion "1"]
[SourceVersionDate "2007.11.25"]
[SourceQuality "1"]
[WhiteTeam "Brackel SF U20 Girls"]
[BlackTeam "Tamm 74 U20 Girls"]
[WhiteTeamCountry "GER"]
[BlackTeamCountry "GER"]

1. e4 e5 2. Nf3 Nc6 3. Bc4 Bc5 4. b4 Bxb4 5. c3 Be7 6. d4 d6 7. Qb3 Na5 8. Bxf7+ Kf8 9. Qa4 Kxf7 10. Qxa5 exd4 11. cxd4 c5 12. Qc3 Qb6 13. 0-0 Qc6 14. d5 Qc7 15. Ng5+ Bxg5 16. Bxg5 Nf6 17. Nd2 Re8 18. f3 b5 19. Rab1 a6 20. Qc2 Kg8 21. Bxf6 gxf6 22. f4 Qf7 23. Rb3 c4 24. Rg3+ Kf8 25. f5 Qa7+ 26. Kh1 Qd4 27. Qc1 Kf7 28. Nf3 Qc5 29. Qh6 Rf8 30. Qxh7+ Ke8 31. Rg8 Ra7 32. Rxf8+ Kxf8 33. Qh8+ Ke7 34. Nh4 c3 35. Ng6+ Kd7 36. Qg7+ Kd8 37. Qxf6+ Kc7 38. Rc1 b4 39. Ne7 Qe3 40. Rg1 c2 41. Qb2 Qxe4 42. Rc1 Bxf5 43. Nxf5 Qxf5 44. Rxc2+ Kb7 45. Rf2 Qxd5 46. Qxb4+ Kc7 47. Qc3+ Kb8 48. Rf8+ Kb7 49. Qf3 Qxf3 50. Rxf3 Kc6 51. g4 Kd5 52. h4 Ke4 53. Kg2 d5 54. h5 d4 55. Kf2 Rb7 56. h6 d3 57. Re3+ Kd4 58. Re1 d2 59. Rd1 Kd3 60. g5 Rh7 61. Kf3 Kc2 62. Rxd2+ Kxd2 63. Kf4 a5 64. Kf5 a4 65. g6 Rxh6 66. g7 Rh5+ 67. Kf4 Rb5 68. g8Q Kc3 69. Qg3+ Kb2 70. Qf2+ Ka3 71. Ke4 Rb2 72. Qc5+ Kxa2 73. Qc4+ 1/2-1/2

[Event "Dortmund Sparkassen op-A"]
[Site "Dortmund"]
[Date "2006.07.30"]
[Round "3"]
[White "Zemella, Jennifer"]
[Black "Simon, Thomas"]
[Result "1/2-1/2"]
[WhiteElo "1724"]
[BlackElo "2045"]
[PlyCount "35"]
[EventDate "2006.07.28"]
[EventType "swiss"]
[EventRounds "9"]
[EventCountry "GER"]
[SourceTitle "CBM 113 Extra"]
[Source "ChessBase"]
[SourceDate "2006.09.14"]
[SourceVersion "1"]
[SourceVersionDate "2006.09.14"]
[SourceQuality "1"]

1. e4 c5 2. d4 cxd4 3. c3 dxc3 4. Nxc3 e6 5. Nf3 Bc5 6. Bc4 d6 7. 0-0 a6 8. a4 Ne7 9. Qe2 Nbc6 10. Re1 0-0 11. Be3 b6 12. Rac1 Ng6 13. Nd2 Nge5 14. f4 Nd4 15. Bxd4 Bxd4+ 16. Kh1 Nxc4 17. Nxc4 Bc5 18. Rb1 1/2-1/2

[Event "Moehnesee Cup-B"]
[Site "Moehnesee"]
[Date "2005.08.21"]
[Round "6"]
[White "Zemella, Jennifer"]
[Black "Peitz, Christoph"]
[Result "1/2-1/2"]
[WhiteElo "1662"]
[BlackElo "1743"]
[PlyCount "23"]
[EventDate "2005.08.18"]
[EventType "swiss"]
[EventRounds "7"]
[EventCountry "GER"]
[SourceTitle "CBM 108 Extra"]
[Source "ChessBase"]
[SourceDate "2005.11.04"]
[SourceVersion "1"]
[SourceVersionDate "2005.11.04"]
[SourceQuality "1"]

1. e4 e5 2. Nf3 d6 3. d4 Nf6 4. Nc3 Nbd7 5. Bc4 Be7 6. Bxf7+ Kxf7 7. Ng5+ Kg8 8. Ne6 Qe8 9. Nxc7 Qg6 10. Nxa8 Qxg2 11. Rf1 Ng4 12. Qd3 1/2-1/2

[Event "GER-ch U16 Girls"]
[Site "Willingen"]
[Date "2005.05.19"]
[Round "7"]
[White "Fuchs, Judith"]
[Black "Zemella, Jennifer"]
[Result "0-1"]
[WhiteElo "1952"]
[BlackElo "1757"]
[PlyCount "84"]
[EventDate "2005.05.14"]
[EventType "swiss"]
[EventRounds "9"]
[EventCountry "GER"]
[SourceTitle "CBM 106 Extra"]
[Source "ChessBase"]
[SourceDate "2005.07.01"]
[SourceVersion "1"]
[SourceVersionDate "2005.07.01"]
[SourceQuality "1"]

1. e4 e5 2. Nf3 d6 3. d4 exd4 4. Nxd4 Nf6 5. Nc3 Be7 6. Be2 0-0 7. 0-0 Re8 8. f4 Bf8 9. Bf3 c5 10. Nde2 Nc6 11. Kh1 a6 12. h3 Bd7 13. g4 b5 14. Ng3 Nd4 15. Be3 Nxf3 16. Qxf3 b4 17. Nd5 Bc6 18. Rad1 Nxd5 19. exd5 Bb7 20. Kh2 Qf6 21. Bc1 c4 22. g5 Qd8 23. f5 f6 24. Nh5 Be7 25. h4 Kh8 26. Qf4 Rc8 27. g6 Bf8 28. gxh7 Re2+ 29. Rf2 Qe7 30. Ng3 Rxf2+ 31. Qxf2 Kxh7 32. Bf4 Rc5 33. Re1 Qd7 34. Be3 Rxd5 35. Qe2 c3 36. b3 Re5 37. Qg4 Qe8 38. Qf4 Qc6 39. Qf2 Qf3 40. Kg1 Qxf2+ 41. Kxf2 Bc8 42. Rd1 Bxf5 0-1

[Event "GER-ch U16 Girls"]
[Site "Willingen"]
[Date "2005.05.19"]
[Round "8"]
[White "Lubbe, Melanie"]
[Black "Zemella, Jennifer"]
[Result "1-0"]
[WhiteElo "2041"]
[BlackElo "1757"]
[PlyCount "75"]
[EventDate "2005.05.14"]
[EventType "swiss"]
[EventRounds "9"]
[EventCountry "GER"]
[SourceTitle "CBM 106 Extra"]
[Source "ChessBase"]
[SourceDate "2005.07.01"]
[SourceVersion "1"]
[SourceVersionDate "2005.07.01"]
[SourceQuality "1"]

1. e4 e5 2. Bc4 Nf6 3. d3 c6 4. Nf3 Be7 5. 0-0 d6 6. Nbd2 0-0 7. Re1 Bg4 8. Bb3 Nbd7 9. c3 Nc5 10. Bc2 Ne6 11. h3 Bh5 12. Nf1 Nd7 13. g4 Bg6 14. Ng3 Ng5 15. Kh2 Nxf3+ 16. Qxf3 Re8 17. Qg2 Bg5 18. Rf1 Bxc1 19. Raxc1 Qg5 20. Ne2 h5 21. f4 exf4 22. Nxf4 hxg4 23. Qxg4 Qxg4 24. hxg4 Ne5 25. Kg3 Bh7 26. Rf2 Ng6 27. Nh3 Nf8 28. Ng5 Bg6 29. Rcf1 Re7 30. Bb3 Ne6 31. Nxf7 Bxf7 32. Rxf7 Rxf7 33. Bxe6 Raf8 34. Kh4 g6 35. Kg5 Kg7 36. Rxf7+ Rxf7 37. Bxf7 Kxf7 38. d4 1-0

[Event "GER-ch U16 Girls"]
[Site "Willingen"]
[Date "2005.05.17"]
[Round "5"]
[White "Gasch, Franziska"]
[Black "Zemella, Jennifer"]
[Result "0-1"]
[WhiteElo "1651"]
[BlackElo "1757"]
[PlyCount "116"]
[EventDate "2005.05.14"]
[EventType "swiss"]
[EventRounds "9"]
[EventCountry "GER"]
[SourceTitle "CBM 106 Extra"]
[Source "ChessBase"]
[SourceDate "2005.07.01"]
[SourceVersion "1"]
[SourceVersionDate "2005.07.01"]
[SourceQuality "1"]

1. e4 e5 2. Nf3 d6 3. d4 exd4 4. Nxd4 Nf6 5. Nc3 Be7 6. Bc4 0-0 7. 0-0 c6 8. Re1 b5 9. Bd3 a6 10. a3 Qc7 11. Bf4 c5 12. e5 dxe5 13. Bxe5 Qd8 14. Nf5 Bxf5 15. Bxf5 Qxd1 16. Raxd1 Nc6 17. Bf4 Rae8 18. Ne4 Nd4 19. Nxf6+ Bxf6 20. Be4 Rd8 21. Kf1 Ne6 22. Bc1 Rxd1 23. Rxd1 Nd4 24. Re1 Rd8 25. Be3 Ne6 26. c3 g6 27. Ke2 a5 28. Rd1 Rb8 29. Bd5 Re8 30. Bc6 Rb8 31. Kf1 b4 32. axb4 cxb4 33. Bd2 Ra8 34. cxb4 axb4 35. b3 Bc3 36. Ke1 Rc8 37. Bd5 Nf4 38. Bxc3 Rxc3 39. g3 Nxd5 40. Rxd5 Rxb3 41. Rb5 Kg7 42. Kd2 h6 43. h4 h5 44. Ke2 Rb2+ 45. Ke3 b3 46. f3 Rb1 47. Kf4 b2 48. Rb6 Kf8 49. Rb7 f6 50. Rb6 Ke7 51. Rb7+ Kd6 52. Rb6+ Kc5 53. Rb8 Kd4 54. Rb7 Kc5 55. Rb8 Kc4 56. Rb7 Kc3 57. Rc7+ Kd3 58. Rb7 Rc1 0-1

[Event "GER-ch U16 Girls"]
[Site "Willingen"]
[Date "2005.05.17"]
[Round "6"]
[White "Zemella, Jennifer"]
[Black "Mader, Manuela"]
[Result "0-1"]
[WhiteElo "1757"]
[BlackElo "2002"]
[PlyCount "72"]
[EventDate "2005.05.14"]
[EventType "swiss"]
[EventRounds "9"]
[EventCountry "GER"]
[SourceTitle "CBM 106 Extra"]
[Source "ChessBase"]
[SourceDate "2005.07.01"]
[SourceVersion "1"]
[SourceVersionDate "2005.07.01"]
[SourceQuality "1"]

1. e4 c6 2. Nc3 d5 3. Nf3 Bg4 4. exd5 cxd5 5. h3 Bh5 6. Bb5+ Nc6 7. g4 Bg6 8. Ne5 Qd6 9. d4 f6 10. Nxg6 hxg6 11. Qd3 0-0-0 12. Bxc6 Qxc6 13. Qxg6 e5 14. Qf5+ Kb8 15. Qd3 Bb4 16. Bd2 Nh6 17. 0-0-0 e4 18. Qg3+ Bd6 19. Bf4 Nf7 20. Bxd6+ Nxd6 21. Rhe1 Rc8 22. Kb1 Ka8 23. Rc1 Nc4 24. Red1 e3 25. fxe3 Nxb2 26. e4 Nxd1 27. Nxd1 Qb6+ 28. Nb2 dxe4 29. Qe3 Rhe8 30. c4 Qd6 31. Rc3 Qh2 32. Qe1 Rcd8 33. d5 Qf4 34. Na4 e3 35. Nc5 e2 36. Ne6 Rxe6 0-1

[Event "GER-ch U16 Girls"]
[Site "Willingen"]
[Date "2005.05.15"]
[Round "2"]
[White "Zemella, Jennifer"]
[Black "Laake, Jasmin Maria"]
[Result "1/2-1/2"]
[WhiteElo "1757"]
[BlackElo "1941"]
[PlyCount "111"]
[EventDate "2005.05.14"]
[EventType "swiss"]
[EventRounds "9"]
[EventCountry "GER"]
[SourceTitle "CBM 106 Extra"]
[Source "ChessBase"]
[SourceDate "2005.07.01"]
[SourceVersion "1"]
[SourceVersionDate "2005.07.01"]
[SourceQuality "1"]

1. e4 c5 2. d4 cxd4 3. c3 dxc3 4. Nxc3 Nc6 5. Bc4 e6 6. Nf3 Qc7 7. Qe2 d6 8. 0-0 Nf6 9. Rd1 a6 10. a3 Ng4 11. Bf4 Be7 12. Rac1 0-0 13. h3 Nge5 14. Nxe5 dxe5 15. Be3 b5 16. Bb3 Qb7 17. Qg4 Bd7 18. Bh6 Bf6 19. Rd3 Kh8 20. Bg5 Bxg5 21. Qxg5 Rad8 22. Ne2 h6 23. Qh4 Qb6 24. g4 f6 25. Qg3 Nd4 26. Nxd4 exd4 27. h4 Rc8 28. Rcd1 e5 29. g5 Be6 30. Bxe6 Qxe6 31. Kh2 fxg5 32. hxg5 Rc2 33. R3d2 Rxd2 34. Rxd2 Rf4 35. Rxd4 exd4 36. Qxf4 d3 37. Kg2 hxg5 38. Qe3 Qg4+ 39. Kf1 Qd1+ 40. Qe1 Qc2 41. Qc3 Qe2+ 42. Kg1 Qxe4 43. Qd2 Qd5 44. Qd1 g6 45. Qd2 Kg7 46. Qc3+ Kf7 47. Qc7+ Kf6 48. Qc3+ Kf5 49. Qc8+ Kf4 50. Qc7+ Qe5 51. Qf7+ Kg4 52. Qd7+ Qf5 53. Qd4+ Kh5 54. Qh8+ Kg4 55. Qd4+ Qf4 56. Qd7+ 1/2-1/2

[Event "GER-ch U16 Girls"]
[Site "Willingen"]
[Date "2005.05.14"]
[Round "1"]
[White "Muratow, Katarina"]
[Black "Zemella, Jennifer"]
[Result "0-1"]
[WhiteElo "1464"]
[BlackElo "1757"]
[PlyCount "118"]
[EventDate "2005.05.14"]
[EventType "swiss"]
[EventRounds "9"]
[EventCountry "GER"]
[SourceTitle "CBM 106 Extra"]
[Source "ChessBase"]
[SourceDate "2005.07.01"]
[SourceVersion "1"]
[SourceVersionDate "2005.07.01"]
[SourceQuality "1"]

1. e4 c5 2. Nf3 d6 3. d4 cxd4 4. Qxd4 Nc6 5. Bb5 Bd7 6. Bxc6 Bxc6 7. 0-0 Nf6 8. Nc3 e6 9. Re1 Be7 10. b3 0-0 11. Ba3 Qc7 12. Rad1 Rfd8 13. h3 a6 14. Qb4 b5 15. e5 a5 16. Qd4 Bxf3 17. Nxb5 Qc6 18. gxf3 dxe5 19. Qxe5 Bxa3 20. Nxa3 Rxd1 21. Rxd1 Qxf3 22. Rd3 Qb7 23. Qxa5 Qc8 24. Qb4 Nd5 25. Qc4 Qxc4 26. Nxc4 Rxa2 27. Ne3 g6 28. Nxd5 exd5 29. c3 Ra3 30. b4 d4 31. Rxd4 Rxc3 32. Kg2 Rb3 33. Rd8+ Kg7 34. Rd4 h6 35. f3 g5 36. h4 Kg6 37. hxg5 hxg5 38. Kg3 f6 39. Kf2 Kf5 40. Re4 Kg6 41. Rd4 Kf7 42. Re4 f5 43. Re5 Kf6 44. Rb5 f4 45. Rb6+ Kf5 46. Rb5+ Kg6 47. Rb6+ Kh5 48. b5 Rb2+ 49. Kg1 Kh4 50. Rb8 Kg3 51. Kf1 Kxf3 52. Ke1 g4 53. b6 g3 54. Rc8 Rxb6 55. Rc3+ Kg4 56. Kf1 f3 57. Rc1 Rh6 58. Rc4+ Kf5 59. Kg1 g2 0-1

[Event "GER-chT U14 Girls"]
[Site "Dittrichshuette"]
[Date "2004.12.28"]
[Round "2.1"]
[White "Zemella, Jennifer"]
[Black "Mucha, Annegret"]
[Result "1-0"]
[WhiteElo "1784"]
[BlackElo "1634"]
[PlyCount "59"]
[EventDate "2004.12.27"]
[EventType "team"]
[EventRounds "6"]
[EventCountry "GER"]
[SourceTitle "EXT 2006"]
[Source "ChessBase"]
[SourceDate "2005.11.24"]
[SourceVersion "1"]
[SourceVersionDate "2005.11.24"]
[SourceQuality "1"]

1. e4 c5 2. d4 cxd4 3. c3 dxc3 4. Nxc3 Nc6 5. Bc4 e6 6. Nf3 Nce7 7. Bg5 a6 8. e5 b5 9. Ne4 Qa5+ 10. Bd2 Qb6 11. Nd6+ Kd8 12. Nxf7+ Ke8 13. Bxe6 dxe6 14. Nxh8 Nf5 15. 0-0 Bc5 16. Bf4 Be7 17. Ng5 Bxg5 18. Qh5+ Kd7 19. Qxg5 Bb7 20. Nf7 h6 21. Rfd1+ Nd4 22. Qg4 Ke7 23. Nd6 g5 24. Nf5+ exf5 25. Bxg5+ hxg5 26. Qxd4 Qxd4 27. Rxd4 Ke6 28. Re1 Rc8 29. Rd6+ Ke7 30. Rg6 1-0

[Event "Dortmund op-B"]
[Site "Dortmund"]
[Date "2004.07.31"]
[Round "9"]
[White "Zemella, Jennifer"]
[Black "Retta, Thorben"]
[Result "0-1"]
[WhiteElo "1696"]
[BlackElo "1812"]
[PlyCount "76"]
[EventDate "2004.07.??"]
[EventType "swiss"]
[EventRounds "9"]
[EventCountry "GER"]
[SourceTitle "EXT 2006"]
[Source "ChessBase"]
[SourceDate "2005.11.24"]
[SourceVersion "1"]
[SourceVersionDate "2005.11.24"]
[SourceQuality "1"]

1. e4 d6 2. d4 Nf6 3. Nc3 g6 4. Bc4 Bg7 5. Qe2 c6 6. e5 Nd5 7. Bd2 Nxc3 8. Bxc3 d5 9. Bd3 0-0 10. 0-0-0 b6 11. h4 h5 12. f3 c5 13. dxc5 bxc5 14. g4 Qc7 15. Qg2 d4 16. Bd2 hxg4 17. fxg4 Bb7 18. Be4 Bxe4 19. Qxe4 Qc6 20. Qf3 Bxe5 21. Qh3 c4 22. Nf3 Bg7 23. h5 c3 24. h6 Qb6 25. b3 Qa5 26. Kb1 Bf6 27. Bc1 Nc6 28. g5 d3 29. a3 dxc2+ 30. Kxc2 Rad8 31. gxf6 Nb4+ 32. axb4 Qa2+ 33. Kxc3 Rc8+ 34. Kd4 Qe2 35. Be3 exf6 36. h7+ Kh8 37. Rhe1 Qc2 38. Bd2 Qxb3 0-1

[Event "Dortmund op-B"]
[Site "Dortmund"]
[Date "2004.07.29"]
[Round "7"]
[White "Zemella, Jennifer"]
[Black "Hellmann, Thomas"]
[Result "1/2-1/2"]
[WhiteElo "1696"]
[BlackElo "1753"]
[PlyCount "122"]
[EventDate "2004.07.??"]
[EventType "swiss"]
[EventRounds "9"]
[EventCountry "GER"]
[SourceTitle "EXT 2006"]
[Source "ChessBase"]
[SourceDate "2005.11.24"]
[SourceVersion "1"]
[SourceVersionDate "2005.11.24"]
[SourceQuality "1"]

1. e4 e6 2. Qe2 c5 3. Nf3 Nc6 4. g3 Nge7 5. Bg2 g6 6. 0-0 Bg7 7. c3 d6 8. Rd1 Qb6 9. d3 0-0 10. Nbd2 e5 11. Nc4 Qc7 12. a4 Na5 13. Nfd2 Nec6 14. Ne3 Be6 15. Nd5 Qd7 16. Rb1 Ne7 17. Nxe7+ Qxe7 18. Nf3 Bb3 19. Rf1 Bxa4 20. Bg5 f6 21. Be3 Nb3 22. d4 cxd4 23. cxd4 Rac8 24. dxe5 dxe5 25. Bxa7 Qb4 26. Qe1 Qxe1 27. Rfxe1 Rfd8 28. Be3 Bf8 29. Bb6 Rd6 30. Be3 Rdd8 31. Bb6 Rd6 32. Be3 Rcd8 33. h4 Bc6 34. Bb6 Bxe4 35. Bxd8 Bxb1 36. Bxf6 e4 37. Be5 Rd5 38. Bh3 Kf7 39. Ng5+ Ke8 40. Rxb1 Rxe5 41. Nxh7 Be7 42. Ng5 Bxg5 43. hxg5 Rxg5 44. Re1 Re5 45. Bg2 Nc5 46. Re3 Kf7 47. b4 Na6 48. Bxe4 Kf6 49. Bxb7 Rxe3 50. fxe3 Nxb4 51. Kf2 Nd3+ 52. Kf3 Kg5 53. Bc8 Nc5 54. e4 Kf6 55. Kf4 Nd3+ 56. Ke3 Ne5 57. Bb7 g5 58. Bc8 Nc6 59. g4 Ke5 60. Bf5 Ne7 61. Kd3 Ng8 1/2-1/2